| 000 | 00428nam a2200169Ia 4500 | ||
|---|---|---|---|
| 008 | 230711s9999||||xx |||||||||||||| ||und|| | ||
| 041 | _aENG | ||
| 082 |
_a621.3 _bSI-M |
||
| 100 | _aM. L. Sisodia | ||
| 245 | 0 | _aMicrowave circuit and passive device | |
| 250 | _a1st Ed. | ||
| 260 |
_c1987 _aNew Delhi _bWiley Eastern Limited |
||
| 300 | _a527 | ||
| 650 | _aElectrical Engineering | ||
| 700 | _aG. S. Raghuvanshi | ||
| 942 | _cBK | ||
| 999 |
_c1871 _d1871 |
||